Szczegóły MARC21

Proces ekonometrycznego modelowania /

003 -Nazwa inst., której nr kontr. jest w polu 001 [,]
    • @
    • Nazwa instytucji, której n kontrolny jest w polu 001
    • NUKAT
005 -DATA I CZAS OSTATNIEJ MODYFIKACJI [,]
    • @
    • pole kontrolne
    • 20251007140504.0
020 -Międzynarod. znormalizowany nr książki - ISBN [ , ]
    • a
    • Numer ISBN
    • 8372412553 Find
040 -Instytucja sporządzająca opis [ , ]
    • a
    • Instytucja, która sporządziła opis (NP)
    • LUBL 64/MJ
    • c
    • Instytucja, która sporządziła rekord (NP)
    • LUBL 64/MJ
    • d
    • Instytucja, która zmodyfikowała rekord (P)
    • LUB 64/MJ
    • d
    • Instytucja, która zmodyfikowała rekord (P)
    • GD U/AEKs
942 -Rodzaj dokumentu [ , ]
    • c
    • Rodzaj dokumentu
    • Książka
100 -Hasło główne - nazwa osobowa [1, ]
    • a
    • Nazwa osobowa (NP)
    • Hozer, Józef
    • d
    • Daty biograficzne (NP)
    • (1948-2023).
    • 9
    • KHW
    • 7277
245 -Strefa tytułu i oznaczenia odpowiedzialności [1,0]
    • a
    • Tytuł
    • Proces ekonometrycznego modelowania / Find
    • c
    • Pozostałe elementy strefy tytułu i oznaczenia odpowiedzialności (NP)
    • Józef Hozer, Jan Zawadzki.
260 -Strefa adresu wydawniczego [ , ]
    • a
    • Miejsce wydania (P)
    • Szczecin :
    • b
    • Nazwa wydawcy (P)
    • Wydaw. Naukowe US,
    • c
    • Data wydania (P)
    • 1990.
300 -Strefa opisu fizycznego [ , ]
    • a
    • Określenie formy książki i/lub objętość (NP)
    • 151 s. :
    • b
    • Oznaczenie ilustracji (NP)
    • wykr. ;
    • c
    • Format (NP)
    • 24 cm.
336 -Typ zawartości [ , ]
    • a
    • Termin opisujący typ zawartości
    • Tekst
    • b
    • Kod określający zawartość
    • txt
    • 2
    • Źródło (terminu i kodu)
    • rdacontent
337 -Typ mediów [ , ]
    • a
    • Tryb odtwarzania
    • Bez urządzenia pośredniczącego
    • b
    • Kod typu mediów
    • n
    • 2
    • Źródło (terminu i kodu)
    • rdamedia
338 -Typ/rodzaj nośnika [ , ]
    • a
    • Hasło opisujące typ nośnika
    • Wolumin
    • b
    • Kod typu nośnika
    • nc
    • 2
    • Źródło (terminu i kodu)
    • rdacarrier
490 -Strefa serii i książki wielotomowej - forma nie do wyszukiwania [1, ]
    • a
    • Tytuł (P)
    • Rozprawy i Studia / Uniwersytet Szczeciński, Find
    • x
    • ISSN (NP)
    • 0860-2751 ;
    • v
    • Numeracja (P)
    • t. (75) 51
830 -Hasło dodatkowe serii i opisu książki wielotomowej - tytuł ujednolicony/tytuł [ ,0]
    • a
    • Tytuł ujednolicony/tytuł (NP)
    • Rozprawy i Studia - Uniwersytet Szczeciński
    • x
    • ISSN
    • 0860-2751
    • v
    • Oznaczenie tomu (NP)
    • t. 51
    • 9
    • KHW
    • 700
504 -Uwaga dot. bibliogr. załącznikowej [ , ]
    • a
    • Uwaga dot. bibliografii załącznikowej
    • Bibliogr. s. [146]-151.
080 -Uniwersalna Klasyfikacja Dziesiętna [ , ]
    • a
    • Symbol klasyfikacji
    • 330.43
    • 2
    • Identyfikator wydania tablic
    • UDC-P058
    • 9
    • UKD
    • 2972
    • b
    • Dopowiedzenie
    • Ekonometria.
650 -Hasło przedmiotowe [ ,7]
    • a
    • Hasło przedmiotowe
    • Modele ekonometryczne.
    • 2
    • Źródło terminu
    • kaba
    • 9
    • KHW
    • 119721
980 -Symbol UKD [ , ]
    • a
    • UKD
    • 330.43
700 -Hasło dodatkowe - nazwa osobowa [1, ]
    • a
    • Nazwa osobowa (NP)
    • Zawadzki, Jan Find
    • c
    • Dopowiedzenie inne niż daty biograficzne (NP)
    • (ekonomia).
    • 9
    • KHW
    • 59505
710 -Hasło dodatkowe - nazwa ciała zbiorowego [2, ]
    • a
    • Nazwa ciała zbiorowego lub nazwa geograficzna jako pierwszy element (NP)
    • Uniwersytet Szczeciński.
    • b
    • Nazwa jednostki podrzędnej (P)
    • Wydawnictwo Naukowe.
    • 4
    • Kod relacji
    • pbl
    • 9
    • KHW
    • 51208
920 -ISBN [ , ]
    • a
    • ISBN
    • 83-7241-255-3 Find
Status udost. Uwagi nie widoczne w OPAC Numer inwentarzowy Lokalizacja Data inwentaryzacji
2retrokonwersjaS.70404BE
-3retrokonwersjaS.70405BE
2retrokonwersjaS.70406BE
2retrokonwersjaS.70407BE
2retrokonwersjaS.70408BE
2retrokonwersjaS.70409BE
2retrokonwersjaS.70410BE
2retrokonwersjaS.70411BE
2retrokonwersjaS.70412BE
2retrokonwersjaS.70413BE
2retrokonwersjaS.70414BE
2retrokonwersjaS.70415BE
2retrokonwersjaS.70416BE
2retrokonwersjaS.70417BE
2retrokonwersjaS.70418BE
2retrokonwersjaS.70419BE
2retrokonwersjaS.70420BE
2retrokonwersjaS.70421BE
2retrokonwersjaS.70422BE
2retrokonwersjaS.70423BE
2retrokonwersjaS.70424BE
2retrokonwersjaS.70425BE
2retrokonwersjaS.70426BE
2retrokonwersjaS.70427BE
2retrokonwersjaS.70428BE
2retrokonwersjaS.70429BE
2retrokonwersjaS.70430BE
2retrokonwersjaS.70431BE
2retrokonwersjaS.70432BE
2retrokonwersjaS.70433BE
2retrokonwersjaS.77709BE
-2 T.1730T2000-01-28